ბათუმის შოთა რუსთაველის სახელმწიფო უნივერსიტეტის ბიბლიოთეკა

ბაქტერიული სასუქები (ბიბ.ჩანაწერი № 44648)

000 -LEADER
fixed length control field 00669nam a2200205Ia 4500
001 - CONTROL NUMBER
control field 11451
003 - CONTROL NUMBER IDENTIFIER
control field GE_BSU
008 - FIXED-LENGTH DATA ELEMENTS--GENERAL INFORMATION
fixed length control field 181216s||||||||xx |||||||||||||| ||und||
040 ## - CATALOGING SOURCE
Transcribing agency GE_BSU
100 ## - MAIN ENTRY--PERSONAL NAME
Personal name ღამბაშიძე,ქ.
245 ## - TITLE STATEMENT
Title ბაქტერიული სასუქები
245 ## - TITLE STATEMENT
Statement of responsibility, etc. რედ: ა.ჯ.მენაღარიშვილი.
260 ## - PUBLICATION, DISTRIBUTION, ETC.
Place of publication, distribution, etc. თბილისი
260 ## - PUBLICATION, DISTRIBUTION, ETC.
Name of publisher, distributor, etc. საბჭოთა საქართველო
260 ## - PUBLICATION, DISTRIBUTION, ETC.
Date of publication, distribution, etc. 1960
300 ## - PHYSICAL DESCRIPTION
Extent 121გვ;20სმ.
300 ## - PHYSICAL DESCRIPTION
Other physical details ილ;ცხრილები.
653 ## - INDEX TERM--UNCONTROLLED
Uncontrolled term ბაქტერიული სასუქები
942 ## - ADDED ENTRY ELEMENTS (KOHA)
Koha item type წიგნი
ეგზემპლარები
Withdrawn status Lost status Damaged status Not for loan Date acquired Barcode Date last seen Price effective from Koha item type
        2018-12-17 20118 2018-12-17 2018-12-17 წიგნი
        2018-12-17 20119 2018-12-17 2018-12-17 წიგნი